Many Letter Countries Per Letter Quiz Stats

Quiz Updated Jun 8, 2017

Challenge
Share
Tweet
Embed
Score 0/15 Timer 03:00
4 Plays Today
Letter Country/Countries % Correct
SSt. Kitts and Nevis, St. Vincent and the Grenadines, São Tomé and Príncipe, Saudi Arabia, Sierra Leone, Solomon Islands, South Africa, Switzerland
90%
UUnited Arab Emirates, United Kingdom, United States
86.9%
DDemocratic Republic of the Congo, Dominican Republic
84.1%
AAfghanistan, Antigua and Barbuda
83.4%
TTrinidad and Tobago, Turkmenistan
80.5%
BBosnia and Herzegovina, Burkina Faso
70.1%
PPapua New Guinea, Philippines
68.7%
VVatican City
67%
Letter Country/Countries % Correct
CCentral African Republic, Côte d'Ivoire
66.3%
LLiechtenstein
59%
RRepublic of Congo
58.5%
EEquatorial Guinea
56.8%
MMarshall Islands
52.1%
GGuinea-Bissau
51.7%
NNetherlands
40.4%

You're not logged in!

Compare scores with friends on all Sporcle quizzes.
Sign Up with Email
OR
Log In

You Might Also Like...

Show Comments

Extras

Top Quizzes Today


Score Distribution

Your Account Isn't Verified!

In order to create a playlist on Sporcle, you need to verify the email address you used during registration. Go to your Sporcle Settings to finish the process.